000 01340nam0a22002651 4500
001 rc\2323150
005 20260407043054.0
035 _a(NLR Aleph) 008785471
090 _a8008459
_c8008459
100 _a20110829g19771978|||y0rusy50 ca
101 0 _arus
102 _aRU
105 _ay z |||||
200 1 _aМетодическая разработка по домашнему чтению
_eДля студентов III-IV курсов групп с узб. яз. обучения на материале новелл А. Моруа "La Rentree", "Les Violettes bu mercredi"
_fМ-во высш. и сред. спец. образования УзССР, Ташк. гос. пед. ин-т иностр. яз. им. Ф. Энгельса
_g[Сост. Хожанова Г.А., Юсупова Х.А.]
210 _aТашкент
_cБ. и.
_d1977 (вып. дан. 1978)
215 _a29 с.
_d21
333 _aНа правах рукописи
604 1 _1700#1$aМоруа$bА.
_aМоруа, А.
702 1 _aХожанова
_bГ.А.
_4220
712 0 2 _aТашкентский педагогический институт иностранных языков им. Ф. Энгельса
_3RU\NLR\AUTH\8810015452
_9528757
801 0 _aRU
_bNLR
_gpsbo
801 1 _aRU
_bELAR
_2rusmarc
852 _aNLR
_j79-6/736
942 _cBOOK
980 _aNB